000 01226nam a22003497a 4500
003 CHAP
005 20220329140137.0
008 971013s1975 r 00010 d
010 _a47619
011 _a48591
035 _a52737
040 _cCHAP
082 _a312.097235
_bP4
100 0 0 _aPérez Lizaur, Marisol.
_989781
245 _aPoblación y sociedad
_b: cuatro comunidades de Acolhuacán
260 _aMéxico :
_bInstituto Nacional de Antropología,
_c1975
300 _a228 p.
_b: ilus.
490 _aSEP/INAH
590 _aBATCH-UPD
_b10
_c20130110
_lUCH01
_h1148
590 _aBATCH-UPD
_b10
_c20130410
_lUCH01
_h0733
590 _aBATCH-UPD
_b10
_c20130914
_lUCH01
_h1826
590 _aCONVERSION
_b10
_c20130109
_lUCH01
_h1326
650 1 4 _aMéxico (Edo.)
_xCondiciones económicas.
_976824
650 1 4 _aMéxico (Edo.)
_xCondiciones sociales.
_976825
650 1 4 _aPoblación
_zMéxico (Edo.).
_989428
650 1 4 _zMéxico (Edo.)
_xCondiciones rurales.
_9124376
830 0 _aSEP/INAH
_9104448
901 _aBK
942 _cLIBRO
949 _a312.097235 P4
_bBC
_cLIBRO
_d33724000303202
_eLIBRO
_h45640
_i52737
_si
_t50.00
949 _a312.097235 P4
_bBC
_cLIBRO
_d33724000303210
_eLIBRO
_fc.2
_h45641
_i52737
_si
_t50.00
999 _c47619
_d47619